Southville International School and Colleges
Your cart is empty.
  • Cart
  • Lists
    Public lists Eva Luna New books Lux_list list_1
    Your lists Log in to create your own lists
  • Log in to your account
  • Your cookies
  • Search history
Southville International School and Colleges
  • Advanced search
  • Recent comments
  • Most popular
  • Libraries

Log in to your account

Log in with GOOGLE


If you do not have an external account, but do have a local account, you can still log in:

  1. Home
  2. MARC view: Math builders third year /
Normal view MARC view ISBD view

Math builders third year / (Record no. 3227)

[ view plain ]
MARC details
000 -LEADER
fixed length control field 00568nam a22002057a 4500
003 - CONTROL NUMBER IDENTIFIER
control field OSt
005 - DATE AND TIME OF LATEST TRANSACTION
control field 20140310181751.0
008 - FIXED-LENGTH DATA ELEMENTS--GENERAL INFORMATION
fixed length control field 130627t xxu||||| |||| 00| 0 eng d
020 ## - INTERNATIONAL STANDARD BOOK NUMBER
International Standard Book Number 9789716552874
050 ## - LIBRARY OF CONGRESS CALL NUMBER
Classification number QA 139
Item number .F363 2007
082 ## - DEWEY DECIMAL CLASSIFICATION NUMBER
Classification number FIL 510
Item number F39 2007
100 ## - MAIN ENTRY--PERSONAL NAME
Personal name Fernando, Elvira D.
245 ## - TITLE STATEMENT
Title Math builders third year /
Statement of responsibility, etc Elvira D. Fernando, Teresita C. Cruz.
260 ## - PUBLICATION, DISTRIBUTION, ETC. (IMPRINT)
Place of publication, distribution, etc Valenzuela City :
Name of publisher, distributor, etc Mega-Jesta Prints,
Date of publication, distribution, etc 2007.
300 ## - PHYSICAL DESCRIPTION
Extent 472 p. ;
Other physical details ill. ;
Dimensions 26 cm. :
562 ## - COPY AND VERSION IDENTIFICATION NOTE
Number of copies 1
650 ## - SUBJECT ADDED ENTRY--TOPICAL TERM
Topical term or geographic name as entry element Mathematics
942 ## - ADDED ENTRY ELEMENTS (KOHA)
Source of classification or shelving scheme Library of Congress Classification
Koha item type Books
Holdings
Withdrawn status Lost status Source of classification or shelving scheme Damaged status Home library Current library Shelving location Date acquired Total Checkouts Total Renewals Full call number Barcode Date last seen Date checked out Copy number Price effective from Koha item type
    Library of Congress Classification   Luxembourg Library Luxembourg Library Filipiniana Section 06/27/2013 1 3 QA 139 .F363 2007 5647 03/31/2016 03/04/2016 1 06/27/2013 Books

Math builders third year /

APA

Fernando E. D., . (2007). Math builders third year. Valenzuela City: Mega-Jesta Prints.

Chicago

Fernando Elvira D, . 2007. Math builders third year. Valenzuela City: Mega-Jesta Prints.

Harvard

Fernando E. D., . (2007). Math builders third year. Valenzuela City: Mega-Jesta Prints.

MLA

Fernando Elvira D, . Math builders third year. Valenzuela City: Mega-Jesta Prints. 2007.

  • Place hold
  • Print
  • Cite
  • Add to your cart (remove)
  • Save record
    BIBTEX Dublin Core MARCXML MARC (non-Unicode/MARC-8) MARC (Unicode/UTF-8) MARC (Unicode/UTF-8, Standard) MODS (XML) RIS
  • More searches
    Search for this title in:
    Other Libraries (WorldCat) Other Databases (Google Scholar) Online Stores (Bookfinder.com) Open Library (openlibrary.org)

Exporting to Dublin Core...

SOUTHVILLE LIBRARY

Southville International School and Colleges Library

1281 Tropical Ave. Cor. Luxembourg St., BF Homes International, Las Pinas City

Tel. No. 8256374 / 252358 Loc. 117/146

Powered by Koha